00449nam a2200205Ia 4500003000900000008004100009040001300050040001300063041000800076100002300084100000800107245002400115250002200139260001500161260000900176300001100185300001000196490000600206600003100212IT-RoPAU120407s9999 xx 000 0 und d aIT-RoPAU cIT-RoPAU aita aWilfrid Harrington cop. 4aThe promise to love aStaten Island, NY aAlba House c1968 a141 p. c19 cm v1 a1. Matrimonio nella bibbia